[Event "Ruhrgebiet Verbandsliga Gruppe 2 1516"]
[Site "Germany"]
[Date "2016.02.21"]
[Round "7.8"]
[White "Mustafic, Mustafa"]
[Black "Vorobyov, Boris"]
[Result "1/2-1/2"]
[WhiteElo "1791"]
[BlackElo "1607"]
[PlyCount "89"]
[EventDate "2015.09.06"]
[EventType "team-tourn"]
[EventRounds "9"]
[EventCountry "GER"]
[SourceTitle "EXT 2022"]
[Source "ChessBase"]
[SourceDate "2021.10.06"]
[SourceVersion "1"]
[SourceVersionDate "2021.10.06"]
[SourceQuality "1"]
[WhiteTeam "Hamm SV"]
[BlackTeam "Brackel SF II"]
[WhiteTeamCountry "GER"]
[BlackTeamCountry "GER"]

1. Nf3 Nf6 2. c4 c5 3. Nc3 Nc6 4. d4 cxd4 5. Nxd4 d5 6. Nc2 d4 7. Nb5 e5 8. e3 a6 9. Nba3 Bf5 10. exd4 exd4 11. Bd3 Qe7+ 12. Kf1 Bxd3+ 13. Qxd3 Ne5 14. Qd1 Rd8 15. Bd2 Qc7 16. f4 Nxc4 17. Qe2+ Ne3+ 18. Nxe3 Qxf4+ 19. Kg1 dxe3 20. Bxe3 Qe4 21. Re1 Bxa3 22. bxa3 0-0 23. Qb2 Rfe8 24. h3 Qd3 25. Kh2 Rxe3 26. Rd1 Qxd1 27. Rxd1 Rxd1 28. Qxb7 Rd6 29. Qb8+ Ne8 30. h4 Rd2 31. Qc8 Rxa2 32. Qxa6 Raxa3 33. Qc8 Ra2 34. h5 h6 35. Qb8 Ra5 36. Qc8 Rxh5+ 37. Kg1 g6 38. Qd7 Nf6 39. Qd4 Re6 40. Qd8+ Kg7 41. Qd4 Re4 42. Qc3 Rg5 43. Qb2 Reg4 44. Kh1 Rxg2 45. Qxf6+ 1/2-1/2